Los Derechos económicos, sociales y culturales (Record no. 103517)

MARC details
000 -LEADER
fixed length control field nam a22 7a 4500
005 - DATE AND TIME OF LATEST TRANSACTION
control field 20200121122348.0
008 - FIXED-LENGTH DATA ELEMENTS--GENERAL INFORMATION
fixed length control field 200121b mx ||||| |||| 00| 0 spa d
020 ## - INTERNATIONAL STANDARD BOOK NUMBER
International Standard Book Number 968810700X
050 04 - LIBRARY OF CONGRESS CALL NUMBER
Classification number KG574
Item number D47 2005
245 03 - TITLE STATEMENT
Title Los Derechos económicos, sociales y culturales
Statement of responsibility, etc / coordinador de la edición Juan Carlos Gutiérrez Contreras
250 ## - EDITION STATEMENT
Edition statement 1a ed.
260 ## - PUBLICATION, DISTRIBUTION, ETC. (IMPRINT)
Place of publication, distribution, etc México :
Name of publisher, distributor, etc Secretaria de Relaciones Exteriores. Programa de Cooperación sobre Derechos Humanos, México-Comisión Europea,
Date of publication, distribution, etc 2005
300 ## - PHYSICAL DESCRIPTION
Extent 557 p. ;
Dimensions 23 cm.
611 24 - SUBJECT ADDED ENTRY--MEETING NAME
Meeting name or jurisdiction name as entry element Seminario Internacional sobre Derechos Económicos, sociales y Culturales
Form subdivision Memorias
650 #7 - SUBJECT ADDED ENTRY--TOPICAL TERM
Source of heading or term lemb
Topical term or geographic name as entry element Derechos civiles
Geographic subdivision América latina
Form subdivision Congresos
650 #7 - SUBJECT ADDED ENTRY--TOPICAL TERM
Source of heading or term lemb
Topical term or geographic name as entry element Derechos humanos
Geographic subdivision América latina
Form subdivision Congresos
700 1# - ADDED ENTRY--PERSONAL NAME
Personal name Gutiérrez Contreras, Juan Carlos
Relator term editor
942 ## - ADDED ENTRY ELEMENTS (KOHA)
Source of classification or shelving scheme Biblioteca del Cogreso de los Estados Unidos
Koha item type Libro
Holdings
Estado de pérdida Fuente de clasificación Estado del daño No para préstamo Ubicación permanente Ubicación actual Apartado o colección Fecha de adquisición Fuente de adquisición Edición Área del conocimiento Clasificación Código de Barras Date last seen Número de copia Costo por reposición Tipo de recurso
  Biblioteca del Cogreso de los Estados Unidos     Biblioteca del Posgrado en Derecho Biblioteca del Posgrado en Derecho Colección Ernesto Villanueva 21/01/2020 Donación 1a ed. Ciencias Sociales y Administrativas KG574 D47 2005 BPD000001200 21/01/2020 1 1.00 Libro